La Liga 25/26 - Statistics

Estatísticas Gerais
  • Esse quiz foi jogado 106 vezes
    43 desde o último reset
  • A pontuação média é 13 de 20
Estatísticas das Respostas
Times % Correto
Barcelona
100%
Real Madrid
100%
Atlético Madrid
97%
Athletic Bilbao
84%
Valencia
84%
Real Betis
81%
Sevilla
75%
Villarreal
69%
Espanyol
59%
Real Sociedad
59%
Girona
53%
Levante
53%
Celta de Vigo
47%
Elche
47%
Osasuna
47%
Rayo Vallecano
47%
Alavés
44%
Getafe
44%
Mallorca
44%
Real Oviedo
38%
Nenhum quiz correspondente encontrado
Distribuição das Pontuações
Porcentagem de Pessoas com Cada Pontuação
Percentil de Números Respondidos
Sua Pontuação Histórica
Você não jogou esse quiz desde o último reset